Radical sociology of Durkheim and Mauss (Record no. 77354)

MARC details
000 -LEADER
fixed length control field 00388nam a2200157Ia 4500
008 - FIXED-LENGTH DATA ELEMENTS--GENERAL INFORMATION
fixed length control field 230917s9999||||xx |||||||||||||| ||und||
020 ## - ISBN
Price POU11.99
040 ## - CATALOGING SOURCE
-- 6720
Original cataloging agency VIVEKANANDA LIBRARY
041 ## - Language
-- English
082 ## - DDC NUMBER
Classification number 301.045 G154R
100 ## - MAIN ENTRY--PERSONAL NAME
Personal name Gane, Mike Ed
245 #0 - TITLE STATEMENT
Title Radical sociology of Durkheim and Mauss
260 ## - PUBLICATION, DISTRIBUTION, ETC. (IMPRINT)
Place of publication, distribution, etc London
Name of publisher, distributor, etc Routledge
Date of publication, distribution, etc 1992
300 ## - PHYSICAL DESCRIPTION
Pages viii, 229 p.
942 ## - ADDED ENTRY ELEMENTS (KOHA)
Koha item type Books
Holdings
Withdrawn status Lost status Damaged status Not for loan Location (home branch) Sublocation or collection (holding branch) Date acquired Koha issues (times borrowed) Koha full call number Accession No. Koha date last seen Koha item type
        VIVEKANANDA LIBRARY VIVEKANANDA LIBRARY 28/08/2002   301.045 G154R 153013 17/09/2023 Books
© Designed and Maintained by Vivekananda Library, MDU Rohtak